Top 10 Porto Starting XI - Statistics

General Stats
  • This quiz has been taken 645 times
    9 since last reset
  • The average score is 39 of 89
Answer Stats
Team Player % Correct
2021-22, 2025-26 Diogo Costa
100%
2025-26 Jan Bednarek
100%
2025-26 Alberto Costa
89%
2017-18 Héctor Herrera
89%
2017-18 Iker Casillas
89%
1996-97, 2002-03 Jorge Costa
89%
2021-22 Mehdi Taremi
89%
2021-22 Pepe
89%
2025-26 Pepê
89%
2017-18 Yacine Brahimi
89%
2021-22 Chancel Mbemba
78%
2025-26 Jakub Kiwior
78%
2021-22 Luis Díaz
78%
2017-18 Moussa Marega
78%
2010-11 Radamel Falcao
78%
2025-26 Victor Froholdt
78%
1989-90, 1990-91, 1994-95, 2002-03 Vítor Baía
78%
2025-26 Alan Varela
67%
2017-18 Danilo Pereira
67%
2002-03 Deco
67%
2010-11 Hulk
67%
2012-13 Jackson Martínez
67%
2012-13 James Rodríguez
67%
2017-18 Jesús Corona
67%
2021-22 João Mário
67%
2010-11, 2012-13 João Moutinho
67%
2021-22 Mateus Uribe
67%
2012-13 Nicolás Otamendi
67%
2021-22 Otávio
67%
2010-11, 2012-13 Silvestre Varela
67%
2017-18 Vincent Aboubakar
67%
2021-22 Vitinha
67%
2012-13 Alex Sandro
56%
2017-18 Alex Telles
56%
2010-11 Álvaro Pereira
56%
2025-26 Borja Sainz
56%
2002-03 Costinha
56%
2012-13 Danilo
56%
2012-13 Eliaquim Mangala
56%
2025-26 Gabriel Veiga
56%
2010-11, 2012-13 Helton
56%
1990-91 Paulo Pereira
56%
1989-90 Rabah Madjer
56%
2017-18 Ricardo Pereira
56%
2010-11 Rolando
56%
2021-22 Zaidu Sanusi
56%
2017-18 Felipe
44%
2010-11, 2012-13 Fernando
44%
2025-26 Francisco Moura
44%
2017-18 Iván Marcano
44%
1989-90, 1990-91, 1994-95, 1996-97 João Pinto
44%
2010-11 Maicon
44%
2002-03 Maniche
44%
2002-03 Nuno Valente
44%
2025-26 Samu Aghehowa
44%
2002-03 Derlei
33%
2021-22 Evanilson
33%
2012-13 Lucho González
33%
2002-03 Paulo Ferreira
33%
1994-95 Carlos Secretário
22%
2010-11 Cristian Săpunaru
22%
2010-11 Fernando Belluschi
22%
1996-97 Fernando Mendes
22%
1996-97 Mário Jardel
22%
1994-95 Zé Carlos
22%
1990-91, 1994-95, 1996-97 Aloísio
11%
1989-90, 1990-91 António André
11%
1996-97 Zlatko Zahovič
11%
1994-95 António Folha
0%
1989-90 Branco
0%
1990-91, 1994-95 Domingos Paciência
0%
1996-97 Edmílson
0%
1994-95 Emerson
0%
1990-91 Emil Kostadinov
0%
1989-90, 1990-91 Geraldão
0%
2002-03 Hélder Postiga
0%
1996-97 Hilário
0%
1989-90, 1990-91 Jaime Magalhães
0%
1989-90, 1990-91 Jorge Couto
0%
1996-97 José Barroso
0%
1989-90, 1990-91 José Semedo
0%
1996-97 Ljubinko Drulović
0%
2002-03 Nuno Capucho
0%
1994-95, 1996-97 Paulinho Santos
0%
2002-03 Pedro Emanuel
0%
1989-90 Rui Águas
0%
1994-95 Rui Barros
0%
1989-90 Stéphane Demol
0%
1994-95 Vassili Koulkov
0%
No matching quizzes found
Score Distribution
Percent of People with Each Score
Percentile by Number Answered
Your Score History
You have not taken this quiz since the last reset